000
00348nam a2200169Ia 4500
100
_a
Chryssolouris/George
650
_a
MANUFACTURING
250
_a
2
942
_c
BK
366
_f
25
245
_a
Manufacturing systems
260
_b
Springer
_c
2006
082
_a
658.5
_b
CHR
300
_a
602
546
_a
ENGLISH
_c
Info.Tech
999
_c
32129
_d
32129